书目信息 |
| 题名: |
锅炉司炉工技术问答
|
|
| 作者: | ;黑龙江省劳动局 编 | |
| 分册: | 上 | |
| 出版信息: | 哈尔滨 黑龙江科学技术出版社 1981 |
|
| 页数: | 257页 | |
| 开本: | 19cm | |
| 丛书名: | ||
| 单 册: | ||
| 中图分类: | TK22 | |
| 科图分类: | ||
| 主题词: | 锅炉 | |
| 电子资源: | ||
| ISBN: | ||
| 000 | 00648nam0 2200229 45 | |
| 001 | 0181004147 | |
| 005 | 20060421101015.18 | |
| 010 | @dCNY1.45(全二册) | |
| 091 | @a15217.020 | |
| 100 | @a19950703d1981 em y0chiy0121 ea | |
| 101 | 0 | @achi |
| 102 | @aCN@b230000 | |
| 105 | @ay z 000yy | |
| 200 | 10 | @a锅炉司炉工技术问答@Aguo lu si lu gong ji shu wen da@h上@f黑龙江省劳动局编 |
| 210 | @a哈尔滨@c黑龙江科学技术出版社@d1981 | |
| 215 | @a257页@d19cm | |
| 606 | 0 | @a锅炉 |
| 690 | @aTK22 | |
| 711 | 02 | @a黑龙江省劳动局@Ahei long jiang sheng lao dong ju@4编 |
| 801 | 2 | @aCN@bNLC@c20060421 |
| 801 | 0 | @aCN@b上海图书馆@c20040520 |
| 905 | @dTK22@e7:1 | |
| 锅炉司炉工技术问答.上/黑龙江省劳动局编.-哈尔滨:黑龙江科学技术出版社,1981 |
| 257页;19cm |
| ISBN :CNY1.45(全二册) |
| ● |
| 相关链接 |
|
|
|
|
正题名:锅炉司炉工技术问答
索取号:TK22/7:1
 
预约/预借
| 序号 | 登录号 | 条形码 | 馆藏地/架位号 | 状态 | 备注 |
| 1 | 0106627 | 001367121 | 第二样本阅览室/ [索取号:TK22/7:1] | 在馆 | |
| 2 | 0106628 | 202279532 | 密集书库/ [索取号:TK22/7:1] | 在馆 |